[Event "GER-ch Net blitz qual1"]
[Site "Playchess.com INT"]
[Date "2020.03.07"]
[Round "9"]
[White "Hoellenriegel, Daniela"]
[Black "Bach, Oliver"]
[Result "1-0"]
[WhiteElo "2012"]
[BlackElo "1738"]
[PlyCount "81"]
[EventDate "2020.03.07"]
[EventType "swiss (blitz)"]
[EventRounds "9"]
[EventCountry "GER"]
[SourceTitle "CBM 195 Extra"]
[Source "ChessBase"]
[SourceDate "2020.05.31"]
[SourceVersion "1"]
[SourceVersionDate "2020.05.31"]
[SourceQuality "1"]

1. d4 Nf6 2. c3 g6 3. g3 Bg7 4. Bg2 0-0 5. Nf3 c6 6. Bg5 d5 7. Bxf6 Bxf6 8. Nbd2 Bg4 9. e4 dxe4 10. Nxe4 Bg7 11. 0-0 Nd7 12. Qb3 Qc8 13. Rfe1 Nb6 14. Nc5 e6 15. Nd2 Rb8 16. Nde4 Qc7 17. Nd2 Nd5 18. h3 Bf5 19. g4 b6 20. Nce4 Bxe4 21. Bxe4 Nf4 22. Re3 Nxh3+ 23. Rxh3 Qf4 24. Qd1 f5 25. gxf5 exf5 26. Bxc6 Rbc8 27. Bd5+ Kh8 28. Nb3 Qg5+ 29. Rg3 Qh4 30. Qf3 f4 31. Rg4 Qh5 32. c4 g5 33. Kg2 b5 34. Rh1 Qg6 35. Be4 Rf5 36. Bxf5 Qxf5 37. cxb5 Rc2 38. Rh5 Rxb2 39. Rhxg5 Qc2 40. Rxg7 Rb1 41. Rg8# 1-0

[Event "Arco op 41st"]
[Site "Arco"]
[Date "2019.10.09"]
[Round "6"]
[White "Bach, Oliver"]
[Black "Schneider, Johannes1111"]
[Result "0-1"]
[WhiteElo "1733"]
[BlackElo "1898"]
[PlyCount "126"]
[EventDate "2019.10.04"]
[EventType "swiss"]
[EventRounds "9"]
[EventCountry "ITA"]
[SourceTitle "EXT 2020"]
[Source "ChessBase"]
[SourceDate "2019.10.17"]
[SourceVersion "1"]
[SourceVersionDate "2019.10.17"]
[SourceQuality "1"]

1. d4 d5 2. Nf3 Nf6 3. c4 e6 4. Nc3 c6 5. Bg5 Be7 6. e3 Nbd7 7. Bd3 dxc4 8. Bxc4 b5 9. Bd3 Bb7 10. 0-0 a6 11. Re1 c5 12. Rc1 c4 13. Bb1 0-0 14. e4 Nb6 15. e5 Nfd5 16. Qc2 g6 17. Bh6 Re8 18. Ne4 Rc8 19. h4 Nd7 20. h5 Nf8 21. hxg6 fxg6 22. Nfg5 Rc7 23. Qe2 Bxg5 24. Nxg5 Qd7 25. Qg4 c3 26. bxc3 Nxc3 27. Ne4 Nxe4 28. Bxe4 Rxc1 29. Rxc1 Qxd4 30. Qg5 Qxe4 31. Rc7 Bd5 32. Bg7 Qf5 33. Qe3 Qg4 34. f3 Bxf3 35. Qxf3 Qxf3 36. gxf3 Rd8 37. Bf6 Rd7 38. Rc8 Kf7 39. f4 Rb7 40. Kf2 Nd7 41. Bg5 b4 42. Ke3 a5 43. Kd3 a4 44. Kc2 Rb5 45. Kb2 Rd5 46. Rc7 Rd2+ 47. Kb1 b3 48. a3 h6 49. Bxh6 g5 50. Bxg5 Kg6 51. Rc4 Nb6 52. Rc6 Nd5 53. Rxe6+ Kf5 54. Rc6 Rd4 55. Kb2 Rd2+ 56. Kb1 Rd4 57. e6 Re4 58. e7 Nxe7 59. Ra6 Nd5 60. Ra5 Rd4 61. Kb2 Ke4 62. Rc5 Rd2+ 63. Kb1 Kd4 0-1

[Event "Arco op 41st"]
[Site "Arco"]
[Date "2019.10.07"]
[Round "4"]
[White "Bach, Oliver"]
[Black "Buglisi, Massimo"]
[Result "0-1"]
[WhiteElo "1733"]
[BlackElo "1930"]
[PlyCount "70"]
[EventDate "2019.10.04"]
[EventType "swiss"]
[EventRounds "9"]
[EventCountry "ITA"]
[SourceTitle "EXT 2020"]
[Source "ChessBase"]
[SourceDate "2019.10.17"]
[SourceVersion "1"]
[SourceVersionDate "2019.10.17"]
[SourceQuality "1"]

1. e4 d6 2. d4 Nf6 3. Nc3 g6 4. Be3 c6 5. Qd2 b5 6. Bd3 Nbd7 7. h4 Ng4 8. Bf4 e5 9. dxe5 dxe5 10. Bg5 f6 11. Be3 Nxe3 12. Qxe3 h5 13. Qg3 Kf7 14. 0-0-0 Bh6+ 15. Kb1 Qe7 16. Nh3 Nb6 17. Ne2 Na4 18. Ka1 Qb4 19. Rb1 c5 20. c3 Qa5 21. f4 Be6 22. b3 Nxc3 23. Nxc3 Qxc3+ 24. Rb2 c4 25. fxe5 Qxd3 26. Qf2 f5 27. exf5 Bxf5 28. bxc4 Qxc4 29. Ng5+ Bxg5 30. hxg5 Kg7 31. Re1 Rhf8 32. Qe3 Be6 33. Rf2 Rxf2 34. Qxf2 Qc3+ 35. Qb2 Qxe1+ 0-1

[Event "Rhein Main op-B 22nd"]
[Site "Bad Homburg"]
[Date "2019.06.23"]
[Round "7"]
[White "Fernandez Egea, Andres"]
[Black "Bach, Oliver"]
[Result "0-1"]
[WhiteElo "1853"]
[BlackElo "1679"]
[PlyCount "80"]
[EventDate "2019.06.19"]
[EventType "swiss"]
[EventRounds "7"]
[EventCountry "GER"]
[SourceTitle "EXT 2020"]
[Source "ChessBase"]
[SourceDate "2019.10.17"]
[SourceVersion "1"]
[SourceVersionDate "2019.10.17"]
[SourceQuality "1"]

1. e4 d6 2. d4 Nf6 3. Nc3 g6 4. f4 Bg7 5. Nf3 0-0 6. Bd3 c5 7. dxc5 dxc5 8. Qe2 Nc6 9. e5 Nd5 10. Nxd5 Qxd5 11. c3 Bg4 12. 0-0 Rad8 13. Bc4 Bxf3 14. gxf3 Qd7 15. Be3 b6 16. Bb5 Qb7 17. Bf2 e6 18. Bh4 Rd7 19. Qe4 Rc8 20. Rad1 Bf8 21. Ba6 Qxa6 22. Rxd7 Qxa2 23. Rf2 b5 24. Bf6 b4 25. Rfd2 bxc3 26. bxc3 Qa1+ 27. Kg2 Qxc3 28. R2d3 Qc1 29. Rd1 Qc3 30. Kg3 a5 31. Rb1 Nd4 32. Qb7 Rb8 33. Qe4 Rxb1 34. Rd8 Qe1+ 35. Qxe1 Rxe1 36. Be7 Nf5+ 37. Kf2 Nxe7 38. Kxe1 Nd5 39. Ra8 c4 40. Kd1 a4 0-1

[Event "Rhein Main op-B 22nd"]
[Site "Bad Homburg"]
[Date "2019.06.22"]
[Round "6"]
[White "Stock, Juergen"]
[Black "Bach, Oliver"]
[Result "1-0"]
[WhiteElo "1842"]
[BlackElo "1679"]
[PlyCount "73"]
[EventDate "2019.06.19"]
[EventType "swiss"]
[EventRounds "7"]
[EventCountry "GER"]
[SourceTitle "EXT 2020"]
[Source "ChessBase"]
[SourceDate "2019.10.17"]
[SourceVersion "1"]
[SourceVersionDate "2019.10.17"]
[SourceQuality "1"]

1. d4 Nf6 2. c3 g6 3. Bg5 Bg7 4. Nd2 d5 5. e3 0-0 6. Bd3 Nbd7 7. f4 c5 8. Qe2 cxd4 9. exd4 a5 10. Ngf3 Qb6 11. Rb1 Qe6 12. Qxe6 fxe6 13. 0-0 Nh5 14. Ne5 Nxe5 15. fxe5 Bh8 16. Bxe7 Rf7 17. Bg5 Bd7 18. Rxf7 Kxf7 19. Rf1+ Kg8 20. g4 Ng7 21. h4 Ne8 22. Nf3 Nc7 23. Bh6 Bg7 24. Bxg7 Kxg7 25. Ng5 Be8 26. Rf6 Rd8 27. Nxe6+ Nxe6 28. Rxe6 Bf7 29. Re7 Kf8 30. Rxb7 Be6 31. Rxh7 Kg8 32. Rc7 Bxg4 33. Bxg6 Be2 34. h5 a4 35. h6 Kh8 36. e6 Rg8 37. Rh7# 1-0

[Event "Rhein Main op-B 22nd"]
[Site "Bad Homburg"]
[Date "2019.06.20"]
[Round "3"]
[White "Bach, Oliver"]
[Black "Jiritschka, Wolfgang"]
[Result "1-0"]
[WhiteElo "1679"]
[BlackElo "1871"]
[PlyCount "83"]
[EventDate "2019.06.19"]
[EventType "swiss"]
[EventRounds "7"]
[EventCountry "GER"]
[SourceTitle "EXT 2020"]
[Source "ChessBase"]
[SourceDate "2019.10.17"]
[SourceVersion "1"]
[SourceVersionDate "2019.10.17"]
[SourceQuality "1"]

1. d4 Nf6 2. Nc3 c5 3. d5 a6 4. a4 d6 5. e4 g6 6. Bg5 Bg7 7. Qd2 Qa5 8. 0-0-0 b5 9. Bh6 Bxh6 10. Qxh6 b4 11. Nb1 Qxa4 12. e5 dxe5 13. d6 Bf5 14. Bd3 Bxd3 15. Rxd3 e4 16. Rd2 c4 17. dxe7 Kxe7 18. Qf4 Qc6 19. Qe5+ Qe6 20. Qc5+ Ke8 21. Rd6 Qf5 22. Qxf5 gxf5 23. Rxf6 Ke7 24. Rxf5 Ke6 25. Rc5 c3 26. bxc3 bxc3 27. Nxc3 Nd7 28. Rc6+ Ke5 29. Nge2 Rhc8 30. Rxc8 Rxc8 31. Rd1 Nf6 32. h3 h5 33. Kb2 h4 34. Ra1 Rb8+ 35. Kc1 Rb6 36. Ra5+ Kd6 37. Rf5 Ke7 38. Nf4 Rb8 39. Nfd5+ Nxd5 40. Nxd5+ Ke6 41. Ne3 Rg8 42. Rf4 1-0

[Event "Rhein Main op-B 22nd"]
[Site "Bad Homburg"]
[Date "2019.06.20"]
[Round "2"]
[White "Meffert, Peter"]
[Black "Bach, Oliver"]
[Result "0-1"]
[WhiteElo "1895"]
[BlackElo "1679"]
[PlyCount "96"]
[EventDate "2019.06.19"]
[EventType "swiss"]
[EventRounds "7"]
[EventCountry "GER"]
[SourceTitle "EXT 2020"]
[Source "ChessBase"]
[SourceDate "2019.10.17"]
[SourceVersion "1"]
[SourceVersionDate "2019.10.17"]
[SourceQuality "1"]

1. d4 Nf6 2. Nf3 g6 3. c4 Bg7 4. Nc3 d5 5. cxd5 Nxd5 6. g3 c6 7. Bg2 0-0 8. 0-0 Na6 9. Re1 Bg4 10. Nxd5 cxd5 11. Qb3 Qd7 12. Bf4 Bxf3 13. Bxf3 Bxd4 14. Bxd5 e5 15. Red1 Nc5 16. Qf3 Bxb2 17. Rab1 exf4 18. Rxb2 fxg3 19. hxg3 Rab8 20. Rbd2 Qe7 21. Rd4 b6 22. Kg2 Qe5 23. Rh4 Ne6 24. Rdh1 Ng5 25. Qd3 Rbd8 26. e4 Qg7 27. Qb3 h5 28. g4 hxg4 29. Rxg4 Nh7 30. Qg3 Rxd5 31. exd5 Nf6 32. Rgh4 Nh5 33. Qe3 Qf6 34. Ra4 a5 35. Rd1 Qd6 36. Rc4 b5 37. Rc6 Qd7 38. Rd4 Re8 39. Qd3 Re5 40. Qxb5 Rg5+ 41. Kh2 Nf6 42. Qb8+ Kg7 43. Qc8 Qe7 44. Qc7 Qe2 45. Qf4 Rf5 46. Rxf6 Kxf6 47. Qd6+ Kg7 48. Rf4 Qh5+ 0-1

[Event "Rhein Main op-B 21st"]
[Site "Bad Homburg"]
[Date "2018.06.03"]
[Round "7"]
[White "Bach, Oliver"]
[Black "Graf, Michael"]
[Result "1/2-1/2"]
[WhiteElo "1648"]
[BlackElo "1782"]
[PlyCount "73"]
[EventDate "2018.05.30"]
[EventType "swiss"]
[EventRounds "7"]
[EventCountry "GER"]
[SourceTitle "EXT 2019"]
[Source "ChessBase"]
[SourceDate "2018.10.10"]
[SourceVersion "1"]
[SourceVersionDate "2018.10.10"]
[SourceQuality "1"]

1. d4 Nf6 2. c4 e5 3. dxe5 Ng4 4. e4 Nxe5 5. Nf3 Nbc6 6. Nc3 Bb4 7. Bd2 d6 8. Be2 0-0 9. 0-0 Be6 10. Nd5 Bxd2 11. Qxd2 Nxf3+ 12. Bxf3 Ne5 13. Be2 c6 14. Ne3 f6 15. Rad1 Nf7 16. b3 Qc7 17. f4 Rad8 18. Bd3 Rfe8 19. Rf3 Bc8 20. Qf2 Qb6 21. Kh1 Re7 22. Qh4 Rde8 23. Rg3 Nh6 24. Qxh6 Qxe3 25. e5 f5 26. Qh4 Qc5 27. Rg5 dxe5 28. Bxf5 Bxf5 29. Rxf5 g6 30. Rxe5 Rxe5 31. fxe5 Qxe5 32. h3 Re7 33. Rd8+ Kg7 34. Qd4 Qxd4 35. Rxd4 Kf6 36. Kh2 Ke5 37. Rd2 1/2-1/2

[Event "Rhein Main op-B 21st"]
[Site "Bad Homburg"]
[Date "2018.06.02"]
[Round "5"]
[White "Bach, Oliver"]
[Black "Peschk, Kathrin"]
[Result "1-0"]
[WhiteElo "1648"]
[BlackElo "1339"]
[PlyCount "61"]
[EventDate "2018.05.30"]
[EventType "swiss"]
[EventRounds "7"]
[EventCountry "GER"]
[SourceTitle "EXT 2019"]
[Source "ChessBase"]
[SourceDate "2018.10.10"]
[SourceVersion "1"]
[SourceVersionDate "2018.10.10"]
[SourceQuality "1"]

1. d4 f5 2. Nc3 Nf6 3. Bf4 d5 4. Qd2 e6 5. 0-0-0 Be7 6. f3 c6 7. h4 Nbd7 8. Nh3 Nh5 9. Bg5 0-0 10. Nf4 Nxf4 11. Qxf4 Nf6 12. h5 Bd6 13. Qh4 h6 14. Bd2 Bd7 15. Rg1 Ne8 16. Qh3 e5 17. e3 e4 18. Be2 f4 19. Qh1 fxe3 20. Bxe3 Bf4 21. Bxf4 Rxf4 22. g3 Rf8 23. fxe4 Qg5+ 24. Kb1 Qe3 25. exd5 Rf2 26. Bd3 Nf6 27. d6 Rf8 28. Qh4 Ne8 29. Qe7 Qxe7 30. dxe7 R8f6 31. Ne4 1-0

[Event "Rhein Main op-B 21st"]
[Site "Bad Homburg"]
[Date "2018.05.31"]
[Round "3"]
[White "Bach, Oliver"]
[Black "Toedter, Pascal"]
[Result "1/2-1/2"]
[WhiteElo "1648"]
[BlackElo "1055"]
[PlyCount "53"]
[EventDate "2018.05.30"]
[EventType "swiss"]
[EventRounds "7"]
[EventCountry "GER"]
[SourceTitle "EXT 2019"]
[Source "ChessBase"]
[SourceDate "2018.10.10"]
[SourceVersion "1"]
[SourceVersionDate "2018.10.10"]
[SourceQuality "1"]

1. d4 d5 2. c4 e6 3. e3 Nf6 4. Nf3 Bd6 5. Nc3 0-0 6. cxd5 Nxd5 7. Bd3 b6 8. 0-0 Bb7 9. e4 Nxc3 10. bxc3 c5 11. Be3 cxd4 12. cxd4 Nd7 13. Rc1 Bc7 14. Bb1 e5 15. d5 Nf6 16. Bg5 h6 17. Bh4 Qd7 18. Bxf6 gxf6 19. Nh4 Kh7 20. Nf5 Rg8 21. Qh5 Rg6 22. Rc3 Qd8 23. Rg3 Qf8 24. Rc1 Bd6 25. Qf3 Bc8 26. Rc6 Bxf5 27. Qxf5 1/2-1/2

[Event "Rhein Main op-B 20th"]
[Site "Bad Homburg"]
[Date "2017.06.17"]
[Round "5"]
[White "Bach, Oliver"]
[Black "Deppe, Leo Max"]
[Result "0-1"]
[WhiteElo "1605"]
[BlackElo "1843"]
[PlyCount "100"]
[EventDate "2017.06.14"]
[EventType "swiss"]
[EventRounds "7"]
[EventCountry "GER"]
[SourceTitle "EXT 2018"]
[Source "ChessBase"]
[SourceDate "2017.10.13"]
[SourceVersion "1"]
[SourceVersionDate "2017.10.13"]
[SourceQuality "1"]

1. d4 Nf6 2. c4 e6 3. Nc3 Bb4 4. Bd2 b6 5. Nf3 0-0 6. g3 Ba6 7. Qa4 Bxc3 8. Bxc3 d5 9. cxd5 exd5 10. e3 Bxf1 11. Kxf1 Nbd7 12. Kg2 Ne4 13. Qc6 Ndf6 14. Bb4 Re8 15. Rac1 Rc8 16. Rc2 Re6 17. Qb7 a5 18. Ba3 c5 19. Rhc1 Nd6 20. Qa6 Ra8 21. Qe2 c4 22. Ne5 Nb5 23. Qf3 Ra7 24. g4 Ne4 25. h4 Nxa3 26. bxa3 Qe7 27. Nxc4 dxc4 28. Rxc4 h6 29. Rc8+ Kh7 30. Qf5+ g6 31. Qf4 Qf6 32. Rf8 Qxf4 33. exf4 Rd7 34. Rcc8 Kg7 35. g5 hxg5 36. hxg5 f5 37. f3 Nd6 38. Rg8+ Kf7 39. Rcf8+ Ke7 40. Kf2 Nc4 41. d5 Rxd5 42. Re8+ Kd6 43. Rc8 Rd2+ 44. Kg3 Kd5 45. Rgd8+ Nd6 46. Rc1 Ree2 47. Rg1 Kc5 48. Rf8 Ne4+ 49. fxe4 Rd3+ 50. Kh4 Rh2# 0-1